The sense of wonder / (Record no. 27672)
[ view plain ]
| 000 -LEADER | |
|---|---|
| fixed length control field | 00708nam a2200169 4500 |
| 008 - FIXED-LENGTH DATA ELEMENTS--GENERAL INFORMATION | |
| fixed length control field | 060922s1990 caua 000 0 eng |
| 090 ## - LOCALLY ASSIGNED LC-TYPE CALL NUMBER (OCLC); LOCAL CALL NUMBER (OCLC) | |
| Classification number (OCLC) (R) ; Classification number, CALL (RLIN) (NR) | QH51 |
| Local cutter number (OCLC) ; Book number/undivided call number, CALL (RLIN) | C23s |
| 100 1# - MAIN ENTRY--PERSONAL NAME | |
| Personal name | Carson, Rachel, |
| Dates associated with a name | 1907-1964. |
| 245 14 - TITLE STATEMENT | |
| Title | The sense of wonder / |
| Statement of responsibility, etc | Rachel Carson ; photographs by William Neill. |
| 260 ## - PUBLICATION, DISTRIBUTION, ETC. (IMPRINT) | |
| Place of publication, distribution, etc | California : |
| Name of publisher, distributor, etc | The Nature Company, |
| Date of publication, distribution, etc | c1990. |
| 300 ## - PHYSICAL DESCRIPTION | |
| Extent | 111 p. : |
| Other physical details | ill. (some col.). |
| 500 ## - GENERAL NOTE | |
| General note | "A previous edition of this book was published in 1965 by Harper & Row Publishers"--T.p. verso. |
| 500 ## - GENERAL NOTE | |
| General note | Text first appeared in Woman's home companion under title: Help your child to wonder. |
| 650 #4 - SUBJECT ADDED ENTRY--TOPICAL TERM | |
| Topical term or geographic name as entry element | Nature study. |
| 700 1# - ADDED ENTRY--PERSONAL NAME | |
| Personal name | Neill, William. |
| 951 ## - EQUIVALENCE OR CROSS-REFERENCE-GEOGRAPHIC NAME/AREA NAME [OBSOLETE] [CAN/MARC only] | |
| -- | 29779 |
| -- | QH51/C23s |
| -- | 070613111612656 |
| -- | 2000-12-21 |
| -- | GC |
| Withdrawn status | Lost status | Damaged status | Not for loan | Home library | Current library | Shelving location | Date acquired | Accession number | Shelving control number | Total Checkouts | Full call number | Date last seen | Price effective from | Koha item type |
|---|---|---|---|---|---|---|---|---|---|---|---|---|---|---|
| BSOP Library | BSOP Library | GC | 12/21/2000 | 29779 | 127 | QH51/C23s | 02/23/2013 | 02/23/2013 | Books |
